Sports Quiz

Random Sports or Baseball Quiz

MLB Who's on First Base? (slideshow) Quiz Stats

 Plays Quiz not verified by Sporcle

Score 0/32 Timer 08:00
0 Plays Today
% Correct
Barack Obama
99.1%
Albert Pujols
97.7%
Todd Helton
95.8%
Barry Bonds
94.9%
Mark McGwire
94%
Lou Gehrig
93.5%
Ryan Howard
93%
Chase Utley
92.6%
Don Mattingly
92.1%
Miguel Cabrera
92.1%
Bill Buckner
90.7%
Mark Teixeira
90.7%
Eddie Murray
90.7%
Adrian Gonzalez
89.3%
Jim Thome
87.4%
Jeff Bagwell
86.5%
% Correct
Keith Hernandez
85.1%
John Olerud
83.3%
Willie McCovey
82.8%
Mookie Wilson
81.4%
Evan Longoria
78.6%
Kent Hrbek
76.3%
Dave Concepcion
72.6%
Carlos Delgado
71.6%
Ronnie Belliard
71.2%
Tony Perez
67.4%
Frank Thomas
67.4%
Jimmie Foxx
65.6%
Harmon Killebrew
60.9%
Steve Garvey
58.6%
Ron Gant
51.6%
Shannon Stewart
40.9%

You're not logged in!

Compare scores with friends on all Sporcle quizzes.
OR
Log In

You Might Also Like...

Show Comments

Extras

Top Quizzes Today


Score Distribution

Your Account Isn't Verified!

In order to create a playlist on Sporcle, you need to verify the email address you used during registration. Go to your Sporcle Settings to finish the process.

Report this User

Report this user for behavior that violates our Community Guidelines.

Details: